Fundamentos de medicina : (Registro nro. 22961)
[ vista simple ]
| 000 -LEADER | |
|---|---|
| fixed length control field | 01243nam a2200301 4500 |
| 001 - CONTROL NUMBER | |
| control field | 0000016564 |
| 003 - CONTROL NUMBER IDENTIFIER | |
| control field | CO-CtgCURN |
| 005 - DATE AND TIME OF LATEST TRANSACTION | |
| control field | 20250331185217.0 |
| 007 - PHYSICAL DESCRIPTION FIXED FIELD--GENERAL INFORMATION | |
| fixed length control field | ta |
| 008 - FIXED-LENGTH DATA ELEMENTS--GENERAL INFORMATION | |
| fixed length control field | 160627s1984 000 0 eng d |
| 040 ## - CATALOGING SOURCE | |
| Original cataloging agency | CO-CtgCURN |
| Language of cataloging | spa |
| Transcribing agency | coctgcurn |
| 082 0# - DEWEY DECIMAL CLASSIFICATION NUMBER | |
| Classification number | 616.9 |
| Item number | E28f |
| 100 1# - MAIN ENTRY--PERSONAL NAME | |
| Personal name | Restrepo, Angela. |
| 245 10 - TITLE STATEMENT | |
| Title | Fundamentos de medicina : |
| Remainder of title | enfermedades infecciosas / |
| Statement of responsibility, etc. | Angela Restrepo ... [et al.]. |
| 250 ## - EDITION STATEMENT | |
| Edition statement | 3a ed. |
| 260 ## - PUBLICATION, DISTRIBUTION, ETC. | |
| Place of publication, distribution, etc. | Medellin : |
| Name of publisher, distributor, etc. | CIB (Corporación para Investigaciones biologicas), |
| Date of publication, distribution, etc. | 1984. |
| 300 ## - PHYSICAL DESCRIPTION | |
| Extent | 743 p. |
| 336 ## - CONTENT TYPE | |
| Source | rdacontent |
| 337 ## - MEDIA TYPE | |
| Source | rdamedia |
| Media type term | sin mediacion |
| Media type code | n |
| 338 ## - CARRIER TYPE | |
| Source | rdacarrier |
| Carrier type term | volumen |
| Carrier type code | nc |
| 490 1# - SERIES STATEMENT | |
| Series statement | Fundamentos de Medicina |
| 505 8# - FORMATTED CONTENTS NOTE | |
| Formatted contents note | Enfermedades Infecciosas.--Hepatitis Viral.--Bacilos Gram Negativos.--Espiroquetas.--Helmintiasis tisulares.--Micetomas.--Cocos Gram Negativos.--Sindrome septico.--Zoonosis bacteriana.--Terapia antimicrobiana.--Sindromes clinicos.--Enfermedades virales.--Priones.--Enfermedades por Hongos |
| 650 14 - SUBJECT ADDED ENTRY--TOPICAL TERM | |
| Topical term or geographic name entry element | Enfermedades transmisibles. |
| 700 1# - ADDED ENTRY--PERSONAL NAME | |
| Personal name | Borrero, Jaime. Restrepo, Jorge. Rojas, William. |
| 908 ## - PUT COMMAND PARAMETER (RLIN) | |
| Put command parameter | 160627 |
| 942 ## - ADDED ENTRY ELEMENTS (KOHA) | |
| Koha item type | Libros |
| Classification part | 616.9 |
| Item part | E28f |
| Source of classification or shelving scheme | Dewey Decimal Classification |
| Withdrawn status | Lost status | Source of classification or shelving scheme | Damaged status | Not for loan | Collection | Home library | Current library | Shelving location | Date acquired | Inventory number | Total checkouts | Full call number | Barcode | Date last seen | Price effective from | Koha item type | Public note |
|---|---|---|---|---|---|---|---|---|---|---|---|---|---|---|---|---|---|
| Dewey Decimal Classification | General | Miguel Henríquez Emiliani | Miguel Henríquez Emiliani | General | 03/31/2025 | 009382 | 616.9 E28f | 009382 | 03/31/2025 | 03/31/2025 | Libros | 610-CIENME |